Library Logo

The use of bibliographic records in libraries / (Record no. 119288)

000 -LEADER
fixed length control field 00543nam a22001937a 4500
003 - CONTROL NUMBER IDENTIFIER
control field BD-DhUL
005 - DATE AND TIME OF LATEST TRANSACTION
control field 20161102180633.0
008 - FIXED-LENGTH DATA ELEMENTS--GENERAL INFORMATION
fixed length control field 161102b1969 n |||| |||| 000 0 eng d
040 ## - CATALOGING SOURCE
Original cataloging agency BD-DhUL
Transcribing agency BD-DhUL
082 ## - DEWEY DECIMAL CLASSIFICATION NUMBER
Classification number 010
Item number THU
100 1# - MAIN ENTRY--PERSONAL NAME
Personal name Thomas, P. A.
245 10 - TITLE STATEMENT
Title The use of bibliographic records in libraries /
Statement of responsibility, etc. P. A. Thomas, H. East.
260 ## - PUBLICATION, DISTRIBUTION, ETC. (IMPRINT)
Place of publication, distribution, etc. London :
Name of publisher, distributor, etc. Aslib,
Date of publication, distribution, etc. 1969.
300 ## - PHYSICAL DESCRIPTION
Extent v, 15 p. ;
Dimensions 30 cm.
490 ## - SERIES STATEMENT
Series statement Aslib Occasional Publication
Volume/sequential designation 3
650 ## - SUBJECT ADDED ENTRY--TOPICAL TERM
Topical term or geographic name as entry element Crystallography.
700 #0 - ADDED ENTRY--PERSONAL NAME
Personal name H. East.
942 ## - ADDED ENTRY ELEMENTS (KOHA)
Source of classification or shelving scheme
Koha item type Books
Holdings
Price effective from Date last seen Permanent Location Not for loan Date acquired Source of classification or shelving scheme Koha item type Lost status Withdrawn status Source of acquisition Collection code Damaged status Shelving location Barcode Current Location Full call number
2016-11-022016-11-02Dhaka University Library 1973-12-19 Books  PurchasedNon Fiction General StacksA119809Dhaka University Library010 THU
Last Updated on September 15, 2019
© Dhaka University Library. All Rights Reserved|Staff Login